|
|
|
|
| LEADER |
00000nam0a2200000 4500 |
| 001 |
363918 |
| 005 |
20231102011633.0 |
| 035 |
|
|
|a (RuTPU)RU\TPU\retro\21267
|
| 035 |
|
|
|a RU\TPU\retro\21265
|
| 090 |
|
|
|a 363918
|
| 100 |
|
|
|a 20211018d1956 k y0rusy50 ca
|
| 101 |
0 |
|
|a rus
|
| 102 |
|
|
|a RU
|
| 105 |
|
|
|a a z 001zy
|
| 200 |
1 |
|
|a Пеностекло из вулканического пепла
|f А. С. Петров
|g Всесоюзный Магаданский научно-исследовательский институт золота и редких металлов
|
| 210 |
|
|
|a Магадан
|c Изд-во ВНИИ-1
|d 1956
|
| 215 |
|
|
|a 31 с.
|c ил.
|
| 225 |
1 |
|
|a Труды ВНИИ-1 (Всесоюзного Магаданского научно-исследовательского института)
|
| 225 |
1 |
|
|a Раздел 7. Строительные материалы
|v Вып. 4
|
| 320 |
|
|
|a Библиогр.: с. 31
|
| 606 |
1 |
|
|a Пеностекло
|x Химическая технология
|2 stltpush
|3 (RuTPU)RU\TPU\subj\34671
|9 56569
|
| 610 |
1 |
|
|a вулканический пепел
|
| 610 |
1 |
|
|a строительные материалы
|
| 610 |
1 |
|
|a сырье
|
| 610 |
1 |
|
|a свойства
|
| 610 |
1 |
|
|a помол
|
| 610 |
1 |
|
|a вспенивание
|
| 610 |
1 |
|
|a испытания
|
| 610 |
1 |
|
|a шихта
|
| 610 |
1 |
|
|a Магаданская область
|
| 675 |
|
|
|a 666.189.3
|v 4
|
| 700 |
|
1 |
|a Петров
|b А. С.
|
| 712 |
0 |
2 |
|a Всесоюзный Магаданский научно-исследовательский институт золота и редких металлов
|c (Магадан)
|c (1948-1960)
|2 stltpush
|3 (RuTPU)RU\TPU\col\27816
|9 28906
|
| 801 |
|
1 |
|a RU
|b 63413507
|c 20211018
|
| 801 |
|
2 |
|a RU
|b 63413507
|c 20211018
|g RCR
|
| 942 |
|
|
|c BK
|